[Event "Schwaebische EM Masters"]
[Site "Augsburg"]
[Date "2023.05.18"]
[Round "1"]
[White "Luhn, Robert"]
[Black "Vuong, Anh-Tu"]
[Result "1/2-1/2"]
[WhiteElo "1937"]
[BlackElo "1967"]
[EventDate "2021.05.18"]

1.d4 Nf6 2.Nf3 g6 3.c4 Bg7 4.Nc3 O-O 5.e4 d6 6.Be2 Nbd7 7.O-O e5 8.Be3 Qe7
9.d5 a5 10.Nd2 Kh8 11.a3 Ng8 12.b4 f5 13.f3 b6 14.Nb5 Ndf6 15.Rc1 Bh6 16.
Qb3 axb4 17.axb4 fxe4 18.Nxe4 Nxe4 19.fxe4 Rxf1+ 20.Rxf1 Bxe3+ 21.Qxe3 Ra2
22.Bd1 Ba6 23.Qh3 Bxb5 24.cxb5 Kg7 25.Bg4 Nf6 26.Be6 Re2 27.Qc3 Rxe4 28.
Rc1 Rd4 29.Qxc7 Qxc7 30.Rxc7+ Kh6 31.Rc6 Ne4 32.h3 Rxb4 33.Rxb6 Rb1+ 34.
Kh2 Nc3 35.Rxd6 Rxb5 36.Rd7 Kg5 37.g3 e4 38.h4+ Kf6 39.Rxh7 Nxd5 40.Bxd5 
Rxd5 41.Rh8 e3 42.Kg2 Re5 43.Rf8+ Ke6 44.Re8+ Kf5 45.Rxe5+ Kxe5 46.Kf3 Kd4
47.Ke2 Ke4 48.g4 Kf4 49.h5 gxh5 50.gxh5 Kg5 51.h6 Kxh6 52.Kf3 e2 53.Kxe2 
1/2-1/2

[Event "Schwaebische EM Masters"]
[Site "Augsburg"]
[Date "2023.05.18"]
[Round "1"]
[White "Reitemann, Jonathan"]
[Black "Lederle, Vitus"]
[Result "0-1"]
[WhiteElo "1916"]
[BlackElo "2213"]
[EventDate "2021.05.18"]

1.e4 c5 2.Nf3 e6 3.c3 Nf6 4.e5 Nd5 5.d4 cxd4 6.cxd4 Nc6 7.Nc3 Nxc3 8.bxc3 
d6 9.Bb5 Bd7 10.Qe2 Qa5 11.Bd2 Nxe5 12.c4 Nxf3+ 13.Qxf3 Qc7 14.Bxd7+ Qxd7 
15.Rb1 Rb8 16.Bf4 Be7 17.Qa3 b6 18.c5 e5 19.cxd6 Bxd6 20.Qe3 O-O 21.dxe5 
Bc5 22.Qg3 Qf5 23.O-O Rbe8 24.Rbd1 Re6 25.Rd2 h6 26.h4 Rg6 27.Qf3 Rg4 0-1

[Event "Schwaebische EM Masters"]
[Site "Augsburg"]
[Date "2023.05.18"]
[Round "1"]
[White "Kraemer, Max"]
[Black "Filin, Denys"]
[Result "1/2-1/2"]
[WhiteElo "2024"]
[BlackElo "1750"]
[EventDate "2021.05.18"]

1.Nf3 Nf6 2.b3 g6 3.Bb2 Bg7 4.e3 c5 5.c4 Nc6 6.Be2 O-O 7.O-O d5 8.cxd5 
Nxd5 9.Bxg7 Kxg7 10.d4 cxd4 11.Nxd4 Nxd4 12.Qxd4+ Nf6 13.Qe5 Be6 14.Rd1 
Qb8 15.Qb2 Rd8 16.Na3 Kg8 17.Bf3 Bg4 18.Rxd8+ Qxd8 19.Bxb7 Rb8 20.Ba6 Ne4 
21.Bf1 Nd2 22.Nc4 Nxf1 23.Rxf1 Qd5 24.Qe5 Rd8 25.Qxd5 Rxd5 26.e4 Rd4 27.f3
Be6 28.Rc1 Bxc4 29.bxc4 Kf8 30.Rc2 Ke8 31.Kf2 Rd3 32.Ke2 Ra3 33.Kd2 Kd7 
34.Kc1 Kc6 35.Kb2 Rd3 36.c5 Kc7 37.Kc1 Kc6 38.Kb2 Kc7 39.c6 Rd6 40.Kb3 
Rxc6 41.Rxc6+ Kxc6 42.Kc4 e5 43.g3 g5 44.h4 gxh4 45.gxh4 h5 46.Kb4 Kb6 47.
a3 a6 48.Kc4 Kc6 49.Kb4 Kb6 1/2-1/2

[Event "Schwaebische EM Masters"]
[Site "Augsburg"]
[Date "2023.05.18"]
[Round "1"]
[White "Blodig, Vincent"]
[Black "Kamenskyi, Dmytro"]
[Result "0-1"]
[WhiteElo "1580"]
[BlackElo "2007"]
[EventDate "2021.05.18"]

1.e4 e6 2.d4 d5 3.e5 c5 4.c3 Nc6 5.Nf3 Qb6 6.a3 f6 7.Bd3 fxe5 8.dxe5 c4 9.
Bc2 g6 10.O-O Bg7 11.Nbd2 Nh6 12.Re1 Ng4 13.Qe2 O-O 14.Nf1 Ncxe5 15.Nxe5 
Nxe5 16.Be3 Qc7 17.Bd4 Nc6 18.Bxg7 Qxg7 19.Ng3 Bd7 20.h4 h5 21.Nxh5 gxh5 
22.Qxh5 Be8 23.Qd1 Rf6 24.Re3 Kh8 25.h5 Qh6 26.Bg6 Bxg6 27.hxg6 Rxg6 28.g3
Kg7 29.Kg2 Rh8 30.Qg1 Qh3+ 31.Kf3 Qf5+ 32.Kg2 Ne5 33.Rae1 Qh3# 0-1

[Event "Schwaebische EM Masters"]
[Site "Augsburg"]
[Date "2023.05.18"]
[Round "1"]
[White "Lang, Zalan Andreas"]
[Black "Soroka, Vladimir"]
[Result "1-0"]
[WhiteElo "2210"]
[BlackElo "1859"]
[EventDate "2021.05.18"]

1.d4 d5 2.c4 c6 3.Nc3 Nf6 4.Nf3 e6 5.e3 Nbd7 6.Qc2 Be7 7.b3 b6 8.Be2 O-O 
9.O-O Bb7 10.Bb2 c5 11.cxd5 Nxd5 12.Rac1 Nxc3 13.Bxc3 Bf6 14.Rfd1 Qe7 15.
Qb2 Rac8 16.b4 cxd4 17.Nxd4 a6 18.Nf3 b5 19.a3 Nb6 20.Bxf6 Qxf6 21.Qxf6 
gxf6 22.Nd4 Bd5 23.f3 Bc4 24.Bxc4 Nxc4 25.Rc3 Rfd8 26.Rdc1 e5 27.Nb3 Rd6 
28.Na5 Rcd8 29.Nxc4 bxc4 30.Rxc4 Rd1+ 31.Rxd1 Rxd1+ 32.Kf2 Rd2+ 33.Kg3 Rd3
34.a4 Rxe3 35.Kg4 Re2 36.Kf5 Kg7 37.Rg4+ 1-0

[Event "Schwaebische EM Masters"]
[Site "Augsburg"]
[Date "2023.05.18"]
[Round "1"]
[White "Reimann, Matthias"]
[Black "Lapin, Oleg"]
[Result "1-0"]
[WhiteElo "2085"]
[BlackElo "1854"]
[EventDate "2021.05.18"]

1.d4 Nf6 2.Nf3 e6 3.c4 c5 4.d5 d6 5.Nc3 e5 6.e4 Na6 7.Bd3 h6 8.Nd2 Be7 9.
Nf1 Bg4 10.f3 Bd7 11.Ne3 g6 12.O-O h5 13.Nc2 Nb4 14.Ne1 Nxd3 15.Nxd3 b5 
16.cxb5 c4 17.Nf2 Qb6 18.a4 a6 19.a5 Qc5 20.b6 O-O 21.Qe2 Bb5 22.Bh6 Rfe8 
23.Rfc1 Qc8 24.Nxb5 axb5 25.b3 Qb7 26.bxc4 Rec8 27.c5 dxc5 28.Qxb5 Nd7 29.
a6 Qxb6 30.Qxd7 Rc7 31.Qa4 g5 32.Qa5 Qxa5 33.Rxa5 Kh7 34.d6 Bxd6 35.Bxg5 
Rc6 36.a7 Rc7 37.Be3 Rcxa7 38.Rxa7 Rxa7 39.Nd3 Ra3 40.Nxe5 Rxe3 41.Nc4 Bf4
42.g3 Rxf3 43.gxf4 Rxf4 44.Nd2 Rg4+ 45.Kf2 Rg5 46.Nf3 1-0

[Event "Schwaebische EM Masters"]
[Site "Augsburg"]
[Date "2023.05.18"]
[Round "1"]
[White "Martin, Rudolf"]
[Black "Krug, Norbert"]
[Result "0-1"]
[WhiteElo "1858"]
[BlackElo "2190"]
[EventDate "2021.05.18"]

1.e4 c5 2.d4 cxd4 3.c3 d3 4.Bxd3 Nc6 5.Nf3 g6 6.O-O Bg7 7.Nbd2 d6 8.Nb3 
Nf6 9.h3 O-O 10.Be3 b6 11.Qd2 Bb7 12.Bh6 Ne5 13.Nxe5 dxe5 14.Bxg7 Kxg7 15.
Qe3 Nh5 16.Rad1 Qc8 17.Nd2 Nf4 18.Bc2 Ba6 19.Rfe1 Rd8 20.Nf3 Qe6 21.Bb3 
Qf6 22.c4 Rxd1 23.Rxd1 Rc8 24.Rd7 Bxc4 25.Bxc4 Rxc4 26.Rxa7 Rc1+ 27.Kh2 
Rc2 28.b3 Re2 29.Qc3 Rxf2 30.Qxe5 Rxg2+ 31.Kh1 Rg3 32.Qxf6+ exf6 33.Nd4 
Rxh3+ 34.Kg1 Rd3 35.Nb5 h5 36.Rb7 h4 37.Rxb6 Rd2 38.a4 h3 39.Rd6 Rg2+ 40.
Kh1 Nh5 41.Rd3 Ng3+ 42.Rxg3 Rxg3 0-1

[Event "Schwaebische EM Masters"]
[Site "Augsburg"]
[Date "2023.05.18"]
[Round "1"]
[White "Gode, Gero"]
[Black "Hornung, Hans Dr."]
[Result "0-1"]
[WhiteElo "1825"]
[BlackElo "2066"]
[EventDate "2021.05.18"]

1.e4 e5 2.f4 d5 3.exd5 c6 4.fxe5 Qh4+ 5.g3 Qe4+ 6.Qe2 Qxh1 7.Nf3 Bg4 8.e6 
Qxf3 9.exf7+ Kxf7 10.Qc4 cxd5 11.Qc7+ Nd7 12.Nc3 Re8+ 0-1

[Event "Schwaebische EM Masters"]
[Site "Augsburg"]
[Date "2023.05.18"]
[Round "2"]
[White "Blodig, Vincent"]
[Black "Martin, Rudolf"]
[Result "1-0"]
[WhiteElo "1580"]
[BlackElo "1858"]
[EventDate "2021.05.18"]

1.e4 d5 2.exd5 Qxd5 3.Nc3 Qa5 4.Nf3 Nf6 5.Be2 Bg4 6.b4 Qb6 7.O-O e6 8.b5 
Bd6 9.h3 Bh5 10.a4 Bb4 11.Na2 Bd6 12.d4 O-O 13.c4 c5 14.bxc6 Qxc6 15.Nc3 
Nbd7 16.c5 Be7 17.Rb1 Rfd8 18.Qb3 Rab8 19.Bf4 e5 20.Nxe5 Nxe5 21.Bxe5 Bxe2
22.Nxe2 1-0

[Event "Schwaebische EM Masters"]
[Site "Augsburg"]
[Date "2023.05.18"]
[Round "2"]
[White "Filin, Denys"]
[Black "Luhn, Robert"]
[Result "0-1"]
[WhiteElo "1750"]
[BlackElo "1937"]
[EventDate "2021.05.18"]

1.Nf3 d5 2.g3 Nf6 3.Bg2 c6 4.O-O h6 5.d3 Bf5 6.Nbd2 e6 7.Re1 Be7 8.c4 O-O 
9.b3 Nbd7 10.Bb2 Bh7 11.e4 b5 12.cxd5 cxd5 13.Nd4 Rc8 14.Nxb5 Qb6 15.Nc3 
Nc5 16.Qe2 Rfd8 17.Rad1 Nxd3 18.Qxd3 Ng4 19.Qe2 Nxf2 20.Na4 Nh3+ 21.Kf1 
Qg1# 0-1

[Event "Schwaebische EM Masters"]
[Site "Augsburg"]
[Date "2023.05.18"]
[Round "2"]
[White "Soroka, Vladimir"]
[Black "Gode, Gero"]
[Result "1-0"]
[WhiteElo "1859"]
[BlackElo "1825"]
[EventDate "2021.05.18"]

1.c4 e5 2.Nc3 b6 3.Nf3 d6 4.d4 exd4 5.Nxd4 Bb7 6.e4 Nf6 7.f3 g6 8.Be3 Bg7 
9.Qd2 Nc6 10.Be2 O-O 11.O-O-O Nxd4 12.Bxd4 Nd7 13.Bxg7 Kxg7 14.g4 Nc5 15.
h4 h6 16.g5 hxg5 17.hxg5 Qe7 18.Rdg1 Rh8 19.f4 Rxh1 20.Rxh1 Nxe4 21.Qd4+ 
f6 22.Nxe4 1-0

[Event "Schwaebische EM Masters"]
[Site "Augsburg"]
[Date "2023.05.18"]
[Round "2"]
[White "Lederle, Vitus"]
[Black "Reimann, Matthias"]
[Result "1-0"]
[WhiteElo "2213"]
[BlackElo "2085"]
[EventDate "2021.05.18"]

1.e4 c5 2.Nf3 Nc6 3.Nc3 Nf6 4.d4 cxd4 5.Nxd4 e5 6.Ndb5 d6 7.Bg5 a6 8.Na3 
b5 9.Bxf6 gxf6 10.Nd5 Bg7 11.c3 Rb8 12.Nc2 f5 13.exf5 Bxf5 14.Nce3 Be6 15.
Bd3 O-O 16.Qh5 h6 17.h4 b4 18.c4 Nd4 19.g4 f5 20.gxf5 Bf7 21.Qg4 h5 22.Qg2
Kh8 23.O-O-O Bh6 24.Kb1 a5 25.Qe4 Bxd5 26.Qxd5 a4 27.Rdg1 Rf6 28.c5 Qf8 
29.Nc4 Qf7 30.Qxf7 Rxf7 31.cxd6 Bf4 32.Rg6 Nxf5 33.Bxf5 Rxf5 34.d7 Rd8 35.
Re6 Kg8 36.Re8+ Rf8 37.Rxd8 Rxd8 38.Na5 e4 39.Nc6 Bc7 40.Nxd8 Bxd8 41.Re1 
1-0

[Event "Schwaebische EM Masters"]
[Site "Augsburg"]
[Date "2023.05.18"]
[Round "2"]
[White "Krug, Norbert"]
[Black "Kamenskyi, Dmytro"]
[Result "0-1"]
[WhiteElo "2190"]
[BlackElo "2007"]
[EventDate "2021.05.18"]

1.d4 e6 2.Nf3 Nf6 3.Bg5 d5 4.c4 dxc4 5.Nc3 a6 6.e4 b5 7.a4 b4 8.Nb1 Bb7 9.
e5 h6 10.Bxf6 gxf6 11.Bxc4 Rg8 12.g3 fxe5 13.O-O e4 14.Ne5 Nc6 15.Nxc6 
Bxc6 16.Qb3 Bd5 17.Rd1 c6 18.Nd2 Qf6 19.Nf1 h5 20.Ne3 h4 21.Re1 Rg5 22.
Rac1 Kd7 23.a5 Be7 24.Qa4 hxg3 25.fxg3 Rh8 26.Bxd5 exd5 27.Qd1 Bd6 28.Rf1 
Qh6 29.Ng4 Qg7 30.Qa4 Rxg4 31.Rxf7+ Qxf7 32.Rxc6 Ke6 33.Qxb4 Rgg8 34.Qd2 
Qg7 35.Rxa6 Ra8 0-1

[Event "Schwaebische EM Masters"]
[Site "Augsburg"]
[Date "2023.05.18"]
[Round "2"]
[White "Vuong, Anh-Tu"]
[Black "Kraemer, Max"]
[Result "1/2-1/2"]
[WhiteElo "1967"]
[BlackElo "2024"]
[EventDate "2021.05.18"]

1.d4 e6 2.c4 b6 3.Nc3 Bb7 4.e4 Bb4 5.f3 f5 6.exf5 Nh6 7.fxe6 Nf5 8.Bf4 
dxe6 9.Qd3 Qxd4 10.Qxd4 Nxd4 11.O-O-O Nf5 12.Bxc7 Na6 13.Bf4 Bxc3 14.bxc3 
O-O 15.Nh3 Nh4 16.Rg1 Rad8 17.Be2 Nc5 18.Bg5 Rxd1+ 19.Bxd1 Ng6 20.Bc2 Ne5 
21.Be7 Rc8 22.Bxc5 Rxc5 23.Re1 h6 24.Nf4 Kf7 25.Nd3 Nxd3+ 26.Bxd3 b5 27.
cxb5 Rxc3+ 28.Kd2 Ra3 29.Bc4 Bd5 30.Bxd5 exd5 31.Ra1 Ke6 32.Kc2 d4 33.Kb2 
Re3 34.Rc1 Re2+ 35.Kb3 Rxg2 36.Rc7 d3 37.Rxa7 Rg5 38.Kc3 d2 39.Kxd2 Rxb5 
40.Ke3 Kf6 41.Kf4 Rf5+ 42.Kg3 Rg5+ 43.Kf2 Rh5 44.Ra6+ Kf7 45.Kg3 Rg5+ 46.
Kh4 Rf5 47.Ra3 Kg6 48.h3 Rh5+ 49.Kg3 Rg5+ 50.Kh2 Rf5 51.Kg3 Rg5+ 52.Kf2 
Rc5 53.Ra4 Rc2+ 54.Kg3 Kf5 55.Ra5+ Kf6 56.a4 Ra2 57.Kf4 g5+ 58.Kg3 Ra3 59.
Kg4 Kg6 60.Ra6+ Kg7 61.a5 Ra4+ 62.Kg3 Kh7 63.Ra7+ Kg6 64.a6 Kh5 65.Ra8 Ra3
66.Ra7 Ra2 67.Ra8 Ra3 1/2-1/2

[Event "Schwaebische EM Masters"]
[Site "Augsburg"]
[Date "2023.05.18"]
[Round "2"]
[White "Hornung, Hans Dr."]
[Black "Lang, Zalan Andreas"]
[Result "1/2-1/2"]
[WhiteElo "2066"]
[BlackElo "2210"]
[EventDate "2021.05.18"]

1.e4 c5 2.Nf3 Nc6 3.Bb5 g6 4.Bxc6 bxc6 5.O-O Bg7 6.c3 Nf6 7.Re1 O-O 8.d4 
cxd4 9.cxd4 d6 10.h3 Nd7 11.Nc3 c5 12.Be3 Rb8 13.Qd2 cxd4 14.Nxd4 Bb7 15.
Bh6 Qa5 16.Bxg7 Kxg7 17.Rad1 Nf6 18.Nb3 Qb4 19.Qe3 a5 20.Rd4 Qb6 21.Nd5 
Nxd5 22.exd5 a4 23.Rxa4 Bxd5 24.Qxb6 Rxb6 25.Rxe7 Bxb3 26.axb3 Rxb3 27.Rd4
Rxb2 28.Rxd6 Rc8 29.Rd1 Rcc2 30.Rf1 Kf6 31.Re3 Kg5 32.Rg3+ Kh6 33.Rf3 f5 
34.g3 Kg5 35.Kg2 h6 36.h4+ Kf6 37.Ra1 Ra2 38.Rxa2 Rxa2 39.Rb3 Ra6 1/2-1/2

[Event "Schwaebische EM Masters"]
[Site "Augsburg"]
[Date "2023.05.18"]
[Round "2"]
[White "Lapin, Oleg"]
[Black "Reitemann, Jonathan"]
[Result "0-1"]
[WhiteElo "1854"]
[BlackElo "1916"]
[EventDate "2021.05.18"]

1.e4 e5 2.Nf3 Nc6 3.Bb5 Nf6 4.O-O Bc5 5.d3 Nd4 6.Ba4 Nxf3+ 7.Qxf3 O-O 8.
Nc3 c6 9.Bg5 Be7 10.Bb3 d6 11.h3 Be6 12.Rfe1 a5 13.a3 Bxb3 14.cxb3 Nd7 15.
Be3 Bg5 16.Ne2 Re8 17.Rad1 Bxe3 18.Qxe3 Nc5 19.d4 exd4 20.Rxd4 Qf6 21.f3 
d5 22.Qc3 Ne6 23.Rd3 Qxc3 24.Rxc3 dxe4 25.fxe4 Rad8 26.Nc1 Rd2 27.Nd3 Nd4 
28.Kf1 Nb5 29.Nf2 Nxc3 30.bxc3 Red8 31.Re2 Kf8 32.Ke1 Rxe2+ 33.Kxe2 Ke7 
34.Nd3 Kd6 35.Ke3 Re8 36.g4 h5 37.Kf4 hxg4 38.hxg4 Rh8 39.Nf2 Ke6 40.c4 f6
41.b4 g5+ 42.Ke3 Rh2 43.c5 Rxf2 44.Kxf2 Ke5 45.Ke3 a4 46.Kd3 Kf4 47.Kd4 
Kxg4 48.e5 Kf5 49.exf6 Kxf6 50.Ke4 Ke6 51.Kd4 Kf5 0-1

[Event "Schwaebische EM Masters"]
[Site "Augsburg"]
[Date "2023.05.19"]
[Round "3"]
[White "Kamenskyi, Dmytro"]
[Black "Lederle, Vitus"]
[Result "1/2-1/2"]
[WhiteElo "2007"]
[BlackElo "2213"]
[EventDate "2021.05.18"]

1.e4 c5 2.Nf3 Nc6 3.d4 cxd4 4.Nxd4 Qb6 5.Nb3 Nf6 6.Nc3 e6 7.Bd3 Be7 8.Be3 
Qc7 9.Qe2 a6 10.f4 d6 11.a4 b6 12.O-O O-O 13.Rad1 Bb7 14.Rd2 Rfd8 15.Qf2 
Nd7 16.f5 Nce5 17.fxe6 fxe6 18.Nd4 Nc5 19.Qg3 Rf8 20.Rdf2 Rxf2 21.Rxf2 Rf8
22.Rxf8+ Bxf8 23.Qh3 Bc8 24.Nf3 Ncxd3 25.cxd3 Nxd3 26.Qh5 Nxb2 27.Ne2 Nc4 
28.Bf2 g6 29.Qh4 Qe7 30.Qf4 Bg7 31.Bh4 Qc7 32.h3 Ne5 33.Nfd4 h6 34.Qe3 Qc4
35.Bd8 b5 36.axb5 axb5 37.Be7 Qc7 38.Bh4 g5 39.Bg3 Qc5 40.Bf2 b4 41.Qb3 
Qc4 42.Qa4 Bd7 43.Qa8+ Qc8 44.Qa5 Qb7 45.Qd8+ Kf7 46.Bg3 Qc8 47.Qb6 Qc5 
48.Qb7 Ke7 49.Bf2 Qc4 50.Ng3 Qc1+ 51.Kh2 Qf4 52.Be3 Qf8 53.Qxb4 Nd3 54.Qa3
Nc5 55.Nf3 Nb7 56.e5 Kf7 57.Qa7 Bc6 58.Nd4 Bd5 59.exd6 Qxd6 60.Nb5 Qd7 61.
Qb6 Be5 62.Bf2 Qc8 63.Qe3 Qb8 64.Qd3 Kg7 65.Kg1 Qe8 66.Nd4 Nd6 67.Ndf5+ 
Nxf5 68.Nxf5+ Kf6 69.Ne3 h5 1/2-1/2

[Event "Schwaebische EM Masters"]
[Site "Augsburg"]
[Date "2023.05.19"]
[Round "3"]
[White "Kraemer, Max"]
[Black "Blodig, Vincent"]
[Result "1-0"]
[WhiteElo "2024"]
[BlackElo "1580"]
[EventDate "2021.05.18"]

1.Nf3 d5 2.e3 Nf6 3.b3 c5 4.Bb2 Bg4 5.Bb5+ Nbd7 6.O-O a6 7.Be2 Qc7 8.d4 e6
9.Nbd2 Be7 10.h3 Bh5 11.c4 dxc4 12.Nxc4 O-O 13.Rc1 Rfd8 14.Nce5 Qb6 15.
Nxd7 Nxd7 16.Nd2 Bxe2 17.Qxe2 Rac8 18.Ne4 Qa5 19.dxc5 Bf8 20.a3 b6 21.b4 
Qa4 22.cxb6 Nxb6 23.Nf6+ Kh8 24.Ng4 Qb5 25.Qf3 Nc4 26.Bc3 Qf5 27.Qxf5 exf5
28.Ne5 Kg8 29.Nxc4 Rxc4 30.Bd4 Rcc8 31.g3 f6 32.Kg2 Kf7 33.Kf3 Ke6 34.Rfd1
Bd6 35.Ke2 Be5 36.Rxc8 Rxc8 37.Bc5 a5 38.f4 Bc7 39.g4 g6 40.Kf3 axb4 41.
axb4 h5 42.gxh5 gxh5 43.Rg1 Kf7 44.Ra1 h4 45.Ra7 Kg6 46.Bd4 Bd8 47.Rd7 Rb8
48.b5 Kh6 49.e4 fxe4+ 50.Kxe4 f5+ 51.Kxf5 Rxb5+ 52.Be5 Ba5 53.Kg4 Be1 54.
Rd6+ Kh7 55.Kg5 Bc3 56.Rd7+ Kg8 57.Kg6 Rb6+ 58.Bd6 1-0

[Event "Schwaebische EM Masters"]
[Site "Augsburg"]
[Date "2023.05.19"]
[Round "3"]
[White "Lang, Zalan Andreas"]
[Black "Krug, Norbert"]
[Result "1/2-1/2"]
[WhiteElo "2210"]
[BlackElo "2190"]
[EventDate "2021.05.18"]

1.d4 Nf6 2.Bg5 c5 3.Nc3 Qb6 4.d5 Qxb2 5.Bd2 Qb6 6.e4 e5 7.f4 d6 8.fxe5 
dxe5 9.Nf3 Bd6 10.Bc4 O-O 11.O-O a6 12.Nh4 Ne8 13.Qh5 Nd7 14.Rf3 Qb4 15.
Bd3 Qd4+ 16.Kh1 c4 17.Raf1 cxd3 18.Nf5 Ndf6 19.Nh6+ Kh8 20.Nxf7+ Rxf7 21.
Qxf7 Bg4 22.Rxd3 Qc4 23.Qxb7 Rc8 24.Re1 Bd7 25.h3 h6 26.Qb1 Rb8 27.Qd1 Bb4
28.Qf3 Kh7 29.Kh2 Nd6 30.Rb1 Rf8 31.Qg3 Bxc3 32.Bxc3 Ndxe4 33.Qxe5 Nxc3 
34.Rxc3 Qxd5 35.Qxd5 Nxd5 36.Rc5 Nf6 37.Rb7 Be6 38.a3 Rd8 39.Rcc7 Ne8 40.
Re7 Bc4 41.Rbd7 Rc8 42.a4 Kg6 43.Re3 Kf6 44.Rc3 Ke6 45.Rd4 Nd6 46.Re3+ Kd7
47.h4 Rc5 48.Rc3 Ke6 49.Re3+ Kd7 1/2-1/2

[Event "Schwaebische EM Masters"]
[Site "Augsburg"]
[Date "2023.05.19"]
[Round "3"]
[White "Gode, Gero"]
[Black "Lapin, Oleg"]
[Result "0-1"]
[WhiteElo "1825"]
[BlackElo "1854"]
[EventDate "2021.05.18"]

1.e4 c5 2.Nf3 Nc6 3.c3 d5 4.exd5 Qxd5 5.d4 Bg4 6.Nbd2 cxd4 7.cxd4 e6 8.Bc4
Qd7 9.Nb3 Nf6 10.O-O Be7 11.h3 Bh5 12.g4 Bg6 13.Qe2 O-O 14.Rd1 Rfd8 15.Bf4
Nd5 16.Bg3 h6 17.Bb5 f6 18.Nh4 Bf7 19.Na5 Rac8 20.Qe4 Bd6 21.Nxc6 bxc6 22.
Bd3 Bxg3 23.Qh7+ Kf8 24.fxg3 Ne7 25.Bc2 Rb8 26.b3 Rb4 27.Qh8+ Bg8 28.d5 
cxd5 29.Rf1 Qc7 30.Rxf6+ gxf6 31.Qxf6+ Ke8 32.Rc1 Qxg3+ 33.Ng2 Qxh3 34.
Bg6+ Kd7 35.Rc7+ Kxc7 36.Qxe7+ Kc8 37.Qc5+ Kd7 38.Qxb4 Qg3 39.Qb5+ Ke7 40.
Qb4+ Kf6 41.Bh5 Rc8 42.Qd2 Kg7 43.Qd4+ Kh7 44.Qd1 e5 45.Qf1 Kg7 46.Qb1 Rc6
47.Be8 Rf6 48.Qc2 e4 49.Qb2 Qxg4 50.Qe5 Bf7 51.Bxf7 Kxf7 52.Kh2 Qe6 53.
Qh5+ Kg7 54.Qh4 Qe5+ 55.Kg1 h5 56.b4 e3 57.Qh3 e2 58.Qg3+ Qxg3 0-1

[Event "Schwaebische EM Masters"]
[Site "Augsburg"]
[Date "2023.05.19"]
[Round "3"]
[White "Luhn, Robert"]
[Black "Hornung, Hans Dr."]
[Result "1-0"]
[WhiteElo "1937"]
[BlackElo "2066"]
[EventDate "2021.05.18"]

1.d4 Nf6 2.Nf3 g6 3.c4 c5 4.d5 e6 5.Nc3 exd5 6.cxd5 d6 7.e4 a6 8.a4 Bg4 9.
Be2 Bxf3 10.Bxf3 Bg7 11.Bf4 O-O 12.O-O Ne8 13.Qd2 Nd7 14.Bg5 Bf6 15.Be3 
Rb8 16.Be2 Nc7 17.f4 b5 18.e5 dxe5 19.f5 bxa4 20.Ne4 Bg7 21.Rxa4 Rb4 22.
Rxb4 cxb4 23.Bg5 Nf6 24.Nxf6+ Bxf6 25.Bxf6 Qxf6 26.d6 Nb5 27.Bxb5 axb5 28.
fxg6 Qxg6 29.h3 Rd8 30.d7 h6 31.Rf3 Kh7 32.Qd5 f5 33.Kh2 Rg8 34.g4 f4 35.
d8=Q Rxd8 36.Qxd8 Qc2+ 37.Kg1 Qc1+ 38.Kg2 Qxb2+ 39.Rf2 Qc3 40.Qe7+ Kh8 41.
Qf6+ Kh7 42.Qh4 Qc6+ 43.Kh2 b3 44.Qe7+ 1-0

[Event "Schwaebische EM Masters"]
[Site "Augsburg"]
[Date "2023.05.19"]
[Round "3"]
[White "Reitemann, Jonathan"]
[Black "Vuong, Anh-Tu"]
[Result "1-0"]
[WhiteElo "1916"]
[BlackElo "1967"]
[EventDate "2021.05.18"]

1.e4 c5 2.Nf3 d6 3.Bb5+ Bd7 4.Bxd7+ Qxd7 5.c4 Nf6 6.Nc3 Nc6 7.d4 cxd4 8.
Nxd4 g6 9.f3 Nxd4 10.Qxd4 Bg7 11.Be3 O-O 12.Qd3 a6 13.O-O Rfc8 14.a4 Qc6 
15.b3 Nd7 16.Nd5 Kf8 17.Rac1 Nc5 18.Qd1 e6 19.Nc3 Rd8 20.a5 b6 21.b4 Nd7 
22.Na4 bxa5 23.bxa5 Rab8 24.Nb6 Nxb6 25.Bxb6 Rxb6 26.axb6 Qxb6+ 27.Kh1 Bd4
28.Rb1 Qc5 29.Qa4 d5 30.cxd5 exd5 31.Rfc1 Bc3 32.exd5 Rxd5 33.Qc2 Bd4 34.
Qxc5+ Rxc5 35.Rxc5 Bxc5 36.Ra1 Kg7 37.g3 g5 38.Ra5 Be3 39.Kg2 f6 40.g4 Kg6
41.Rxa6 Bd4 42.Kf1 h5 43.h3 hxg4 44.hxg4 Kf7 45.Ke2 Kg6 46.Kd3 Be5 47.Ke4 
Bf4 48.Kd5 Bd2 49.Ke6 Bc3 50.Ra8 Kg7 51.Kf5 Kh6 52.Ra7 1-0

[Event "Schwaebische EM Masters"]
[Site "Augsburg"]
[Date "2023.05.19"]
[Round "3"]
[White "Martin, Rudolf"]
[Black "Filin, Denys"]
[Result "0-1"]
[WhiteElo "1858"]
[BlackElo "1750"]
[EventDate "2021.05.18"]

1.e4 c5 2.d4 cxd4 3.c3 Nf6 4.Bd3 Nc6 5.Nf3 d6 6.h3 g6 7.O-O Bg7 8.cxd4 O-O
9.Nc3 Qa5 10.Bd2 Qh5 11.Be2 Qa5 12.Rc1 Bd7 13.Na4 Qd8 14.d5 Ne5 15.Nxe5 
dxe5 16.Nc5 Rc8 17.Nxd7 Qxd7 18.f3 Rfd8 19.Qb3 a6 20.Ba5 Rf8 21.Rc3 Bh6 
22.Rd1 b5 23.Rxc8 Qa7+ 24.Kh2 Bf4+ 25.Kh1 Rxc8 26.Be1 Nh5 27.Qd3 Bg3 28.
Qd2 Bxe1 29.Qxe1 Rc2 30.Kh2 Qe3 31.Bf1 Qxf3 32.Kg1 Qf4 33.d6 exd6 34.Rxd6 
Ng3 35.Rd1 Nxf1 36.Qxf1 Qxf1+ 37.Kxf1 Rxb2 38.Rd5 Rxa2 39.Rxe5 b4 40.Re8+ 
Kg7 41.Rb8 a5 42.Rb5 Ra3 43.Ke2 b3 44.Kd1 a4 45.Kc1 Ra1+ 46.Kb2 Ra2+ 47.
Kc3 Rxg2 48.Ra5 b2 0-1

[Event "Schwaebische EM Masters"]
[Site "Augsburg"]
[Date "2023.05.19"]
[Round "3"]
[White "Reimann, Matthias"]
[Black "Soroka, Vladimir"]
[Result "1-0"]
[WhiteElo "2085"]
[BlackElo "1859"]
[EventDate "2021.05.18"]

1.Nf3 Nf6 2.b3 d5 3.Bb2 c5 4.e3 Nc6 5.g3 Bg4 6.Bg2 e5 7.h3 Bxf3 8.Qxf3 Bd6
9.O-O Qd7 10.d3 O-O 11.Nd2 Nb4 12.Qd1 d4 13.Nc4 Bb8 14.a4 Nc6 15.a5 Bc7 
16.Ba3 Bd6 17.g4 g5 18.Qf3 Ne8 19.a6 Rc8 20.axb7 Qxb7 21.exd4 exd4 22.Nxd6
Nxd6 23.Qd5 1-0

[Event "Schwaebische EM Masters"]
[Site "Augsburg"]
[Date "2023.05.19"]
[Round "4"]
[White "Krug, Norbert"]
[Black "Filin, Denys"]
[Result "1-0"]
[WhiteElo "2190"]
[BlackElo "1750"]
[EventDate "2021.05.18"]

1.d4 Nf6 2.c4 c5 3.d5 b5 4.Nd2 b4 5.e4 d6 6.a3 a5 7.Ngf3 Nbd7 8.Qa4 g6 9.
e5 dxe5 10.Nxe5 Bg7 11.Nc6 Qc7 12.Be2 Bb7 13.axb4 cxb4 14.O-O Bxc6 15.dxc6
Ne5 16.Nf3 Nfg4 17.Bf4 O-O 18.Nxe5 Nxe5 19.Bxe5 Bxe5 20.g3 Rfd8 21.Rad1 
Bxb2 22.Rd7 Rxd7 23.cxd7 Rd8 24.Rd1 Be5 25.Qb5 Bd6 26.Bf3 Rb8 27.Qd5 Rd8 
28.Qb5 Rb8 29.Qa4 Rd8 30.Bc6 Qa7 31.Rd5 Bc5 32.Kg2 Bb6 33.Rb5 Qc7 34.Rd5 
Qa7 35.Qc2 Bc5 36.Ba4 Qb7 37.f3 Qa7 38.Qe2 Qc7 39.Qd3 Qa7 40.h4 Qc7 41.h5 
e6 42.Rg5 f6 43.Rxg6+ hxg6 44.Qxg6+ Kf8 45.Qxf6+ Kg8 46.Qxe6+ Kf8 47.Bc6 
Bd4 48.h6 Qe5 49.Qg6 Qe7 50.Qf5+ Qf7 51.Qxa5 Qe7 52.Qf5+ Qf7 53.Qe4 Bf6 
54.Qg4 b3 55.Bd5 Qh7 56.Qe6 Bh8 57.c5 b2 58.Qd6+ Qe7 59.Qg6 Qf6 60.Qg8+ 
Ke7 61.Qh7+ Kf8 62.c6 Bg7 63.hxg7+ Qxg7 64.Qf5+ Ke7 65.Qe6+ Kf8 66.c7 Qxd7
67.cxd8=Q+ Qxd8 68.Qf7# 1-0

[Event "Schwaebische EM Masters"]
[Site "Augsburg"]
[Date "2023.05.19"]
[Round "4"]
[White "Hornung, Hans Dr."]
[Black "Reitemann, Jonathan"]
[Result "0-1"]
[WhiteElo "2066"]
[BlackElo "1916"]
[EventDate "2021.05.18"]

1.Nf3 Nf6 2.c4 e6 3.g3 d5 4.Bg2 Be7 5.O-O O-O 6.b3 c5 7.Bb2 Nc6 8.e3 Re8 
9.d3 b6 10.Qe2 Bb7 11.Nc3 Bf8 12.Rad1 d4 13.Nb1 e5 14.e4 Qc7 15.Bc1 a6 16.
Nh4 Bc8 17.f4 Bg4 18.Bf3 Bxf3 19.Qxf3 Nd7 20.f5 Be7 21.Ng2 b5 22.g4 bxc4 
23.bxc4 Rab8 24.Bd2 Rb2 25.g5 Bf8 26.Nh4 Reb8 27.g6 Nf6 28.Bg5 Qd6 29.
gxh7+ Kh8 30.Nd2 Rxa2 31.Rf2 Rbb2 32.Rdf1 Ne7 33.Qh3 a5 34.Ng6+ fxg6 35.
fxg6 Nxg6 36.Rxf6 gxf6 37.Bxf6+ Qxf6 38.Rxf6 Rxd2 39.Qe6 Ra1+ 40.Rf1 Rxf1+
41.Kxf1 Kxh7 42.Qf7+ Bg7 43.h4 Rh2 44.Qa7 Nf4 45.Qxc5 Rh1+ 0-1

[Event "Schwaebische EM Masters"]
[Site "Augsburg"]
[Date "2023.05.19"]
[Round "4"]
[White "Kraemer, Max"]
[Black "Reimann, Matthias"]
[Result "1-0"]
[WhiteElo "2024"]
[BlackElo "2085"]
[EventDate "2021.05.18"]

1.Nf3 g6 2.e4 Bg7 3.d4 d6 4.Nc3 a6 5.Be3 b5 6.Bd3 Bb7 7.O-O Nd7 8.Re1 Ngf6
9.a3 O-O 10.h3 c5 11.d5 Rc8 12.Qd2 c4 13.Bf1 Nc5 14.Bh6 Qb6 15.Bxg7 Kxg7 
16.e5 dxe5 17.Rxe5 Rc7 18.Rae1 Qd6 19.Nd4 Qd8 20.Qg5 e6 21.d6 Qxd6 22.
Ncxb5 axb5 23.Nxb5 h6 24.Qxf6+ Kxf6 25.Nxd6 c3 26.Nb5 cxb2 27.Nxc7 b1=Q 
28.Rxe6+ Nxe6 29.Rxb1 Be4 30.Nxe6 fxe6 31.Bd3 Bxd3 32.cxd3 Ke5 33.Kf1 Rc8 
34.Ke2 Kd4 35.Rb4+ Kd5 36.Ke3 Rc1 37.a4 Re1+ 38.Kd2 Rf1 39.Ke2 Ra1 40.Rg4 
g5 41.h4 gxh4 42.Rxh4 Rg1 43.g3 Ra1 44.Rxh6 Rxa4 45.Rh5+ Kd6 46.Ke3 Ra1 
47.Rb5 Re1+ 48.Kd2 Rf1 49.Ke2 Rg1 50.d4 Ra1 51.g4 Ra4 52.Ke3 Ke7 53.Re5 
Kf7 54.Re4 Ra1 55.Kf4 Ra5 56.Re5 Ra4 57.Ke4 Ra1 58.d5 Ra4+ 59.Kf3 exd5 60.
Rxd5 Kf6 61.Kg3 Ra1 62.Rb5 Rc1 63.Rb6+ Ke5 64.f4+ Ke4 65.Re6+ Kd5 66.Re5+ 
Kd6 67.Kh4 Rc8 68.g5 Rh8+ 69.Kg4 Rg8 70.Re3 Kd5 71.f5 Kd4 72.Re1 Kd5 73.g6
Ra8 74.Kg5 Ra2 75.f6 Rg2+ 76.Kh6 Rg1 1-0